LEADER 01044nam0 22002771i 450 001 VAN0019606 005 20050301120000.0 100 $a20040712d1987 |0itac50 ba 101 $aita 102 $aIT 105 $a|||| ||||| 200 1 $aComputer e processi socio-cognitivi$fa cura di Eraldo De Grada e Clotilde Pontecorvo 210 $aRoma$cBulzoni$d[1987] 215 $a202 p.$cill.$d24 cm. 606 $aElaboratori elettronici$xImpiego didattico$3VANC009414$2FI 620 $dRoma$3VANL000360 676 $a371.39445$v21 702 1$aDe Grada$bEraldo$3VANV012401 702 1$aPontecorvo$bClotilde$3VANV015132 712 $aBulzoni $3VANV108123$4650 801 $aIT$bSOL$c20230616$gRICA 899 $aBIBLIOTECA DEL DIPARTIMENTO DI PSICOLOGIA$1IT-CE0119$2VAN16 912 $aVAN0019606 950 $aBIBLIOTECA DEL DIPARTIMENTO DI PSICOLOGIA$d16CONS 1095 $e16VS 2533 20040712 996 $aComputer e processi socio-cognitivi$91427718 997 $aUNICAMPANIA LEADER 01791nam0 2200409 i 450 001 VAN0097818 005 20220323033905.759 017 70$2N$a978-88-470-0702-4 100 $a20140515d2008 |0itac50 ba 101 $aita 102 $aIT 105 $a|||| ||||| 200 1 $aIntroduzione alla teoria della misura e all'analisi funzionale$fPiermarco Cannarsa, Teresa D'Aprile 210 $aMilano$cSpringer$d2008 215 $aXII, 268 p.$d24 cm 410 1$1001VAN0104561$12001 $aUnitext. La matematica per il 3+2$1210 $aMilano [etc.]$cSpringer 500 1$3VAN0235076$aIntroduzione alla teoria della misura e all?analisi funzionale$9809210 606 $a46-XX$xFunctional analysis [MSC 2020]$3VANC019764$2MF 606 $a28-XX$xMeasure and integration [MSC 2020]$3VANC019878$2MF 610 $aAnalisi Funzionale$9KW:K 610 $aAnalisi reale$9KW:K 610 $aCalcolo delle variazioni$9KW:K 610 $aDifferential Equation$9KW:K 610 $aPartial differential equations$9KW:K 610 $aTeoria della misura$9KW:K 620 $dMilano$3VANL000284 700 1$aCannarsa$bPiermarco$3VANV073989$0283467 701 1$aD'Aprile$bTeresa$3VANV077344$0311885 712 $aSpringer $3VANV108073$4650 801 $aIT$bSOL$c20240614$gRICA 856 4 $uhttps://doi.org/10.1007/978-88-470-0702-4$zE-book ? Accesso al full-text attraverso riconoscimento IP di Ateneo, proxy e/o Shibboleth 899 $aBIBLIOTECA CENTRO DI SERVIZIO SBA$2VAN15 912 $fN 912 $aVAN0097818 950 $aBIBLIOTECA CENTRO DI SERVIZIO SBA$d15CONS SBA EBOOK 105 $e15EB 105 20150430 996 $aIntroduzione alla teoria della misura e all'analisi funzionale$9809210 997 $aUNICAMPANIA